|
|
|
|
| LEADER |
00000nam0a2200000 4500 |
| 001 |
245549 |
| 005 |
20231101232132.0 |
| 035 |
|
|
|a (RuTPU)RU\TPU\book\266960
|
| 090 |
|
|
|a 245549
|
| 100 |
|
|
|a 20131113d1990 km y0rusy50 ca
|
| 101 |
0 |
|
|a rus
|
| 102 |
|
|
|a RU
|
| 105 |
|
|
|a y z 001zy
|
| 200 |
1 |
|
|a Актуальные вопросы истории техники
|e [сборник статей]
|f Академия наук СССР (АН СССР), Институт истории естествознания и техники (ИИЕТ АН СССР) ; под ред. Г. Г. Григоряна, А. А. Кузина
|
| 210 |
|
|
|a Москва
|c Знание
|d 1990
|
| 215 |
|
|
|a 116 с.
|
| 320 |
|
|
|a Библиогр.: с. 114-115
|
| 606 |
1 |
|
|a Техника
|2 stltpush
|3 (RuTPU)RU\TPU\subj\60019
|9 77509
|
| 610 |
1 |
|
|a история
|
| 610 |
1 |
|
|a периодизация
|
| 610 |
1 |
|
|a источниковедение
|
| 610 |
1 |
|
|a историко-научные исследования
|
| 610 |
1 |
|
|a научно-технический прогресс
|
| 610 |
1 |
|
|a энергетика
|
| 610 |
1 |
|
|a развитие
|
| 610 |
1 |
|
|a Гоэлро
|
| 675 |
|
|
|a 62(09)
|v 3
|
| 702 |
|
1 |
|a Григорян
|b Г. Г.
|4 340
|
| 702 |
|
1 |
|a Кузин
|b А. А.
|4 340
|
| 712 |
0 |
2 |
|a Академия наук СССР (АН СССР)
|b Институт истории естествознания и техники (ИИЕТ АН СССР)
|c (Москва)
|2 stltpush
|3 (RuTPU)RU\TPU\col\8662
|
| 801 |
|
1 |
|a RU
|b 63413507
|c 20131113
|
| 801 |
|
2 |
|a RU
|b 63413507
|c 20170830
|g RCR
|
| 942 |
|
|
|c BK
|